|
|
|
|
| LEADER |
00000ngm a22000007i 4500 |
| 001 |
IT\ICCU\MOD\0426602 |
| 003 |
ItRI |
| 005 |
20260124182909.0 |
| 008 |
010330quuuuuuuuit |||||||||||||||k|||||c |
| 040 |
|
|
|b ita
|
| 041 |
|
7 |
|a ita
|2 ISO-639-2
|
| 130 |
0 |
|
|a Amori in corso <film ; 1989>
|3 IT\ICCU\UBO\3289973
|
| 245 |
0 |
0 |
|a Amori in corso /
|c un film di Giuseppe Bertolucci ; prodotto da Ferdinando e Flavia Villevieille.
|
| 300 |
|
|
|a S. Margherita Capannori [Lucca] :
|b Domovideo, [ca. 1990]. - 1 videocassetta (VHS) (ca. 82 min.) : color., son
|
| 500 |
|
|
|a Interpreti: Francesca Prandi, Stella Vordemann, Amanda Sandrelli
|
| 500 |
|
|
|a Ripr. del film del 1989 prod. Italia
|
| 500 |
|
|
|a Descrizione basata sul contenitore
|
| 500 |
|
|
|a VHS 65403.
|
| 700 |
1 |
|
|a Prandi, Francesca
|0 IT\ICCU\MODV\166872
|
| 700 |
1 |
|
|a Bertolucci, Giuseppe
|0 IT\ICCU\RAVV\029079
|
| 700 |
1 |
|
|a Sandrelli, Amanda
|0 IT\ICCU\RAVV\097389
|
| 700 |
1 |
|
|a Vordemann, Stella
|0 IT\ICCU\SBNV\113152
|
| 942 |
|
|
|2 ddc
|c VM
|n 0
|
| 952 |
|
|
|0 0
|1 0
|4 0
|6 VO_275_000000000000000
|7 0
|9 27734
|a BO
|b BO
|d 2026-01-24
|i 6874
|l 0
|o VO 275
|p BO6874
|r 2026-01-24 18:29:09
|w 2026-01-24
|x [Sebina 7] [1 videocassetta]
|y VM
|z 1 videocassetta (Con dedica di Giuseppe Bertolucci)
|
| 999 |
|
|
|c 23507
|d 23507
|